| 000 | 00875nam a22002777a 4500 | ||
|---|---|---|---|
| 001 | 221 | ||
| 003 | FISKH | ||
| 005 | 20230629080249.0 | ||
| 008 | 230307b cb ||||| |||| 00| 0 eng d | ||
| 010 | _a2005050755 | ||
| 040 |
_aFISKH _beng _cFISKH |
||
| 050 | _aQL638.S9 | ||
| 082 | _a597.6798 | ||
| 100 | _aButterworth, Chris | ||
| 245 |
_aSea Horse. _bThe shyest fish in the sea / _cillustrated by John Lawrence |
||
| 260 |
_aDongguan, Guandong, China _bCandlewick Press _c2006 |
||
| 300 |
_a16 leaves of plates _c26 x 24 cm. |
||
| 505 | _aM | ||
| 520 | _aPresents an introduction to the seahorse, in simple text with illustrations, describing their physical characteristics, habitat, life cycle, and behavior. | ||
| 521 | 8 |
_a750 _bLexile |
|
| 521 | 8 |
_aM
_bRaz-Plus |
|
| 650 | _aFish | ||
| 650 | _aocean creatures | ||
| 650 | _aexotic animals | ||
| 942 |
_2ddc _cBK _n0 |
||
| 999 |
_c221 _d221 |
||